Une question décapitée (notice n° 1911944)
[ vue normale ]
| 000 -LEADER | |
|---|---|
| fixed length control field | 00471cam a2200157 4500500 |
| 005 - DATE AND TIME OF LATEST TRANSACTION | |
| control field | 20260329021345.0 |
| 041 ## - LANGUAGE CODE | |
| Language code of text/sound track or separate title | fre |
| 042 ## - AUTHENTICATION CODE | |
| Authentication code | dc |
| 100 10 - MAIN ENTRY--PERSONAL NAME | |
| Personal name | Evdirehîm, Dewran |
| Relator term | author |
| 245 00 - TITLE STATEMENT | |
| Title | Une question décapitée |
| 260 ## - PUBLICATION, DISTRIBUTION, ETC. | |
| Date of publication, distribution, etc. | 2026.<br/> |
| 500 ## - GENERAL NOTE | |
| General note | 27 |
| 700 10 - ADDED ENTRY--PERSONAL NAME | |
| Personal name | Depaule, Jean-Charles |
| Relator term | author |
| 786 0# - DATA SOURCE ENTRY | |
| Note | Po&sie | 194 | 4 | 2026-02-27 | p. 73-88 | 0152-0032 |
| 856 41 - ELECTRONIC LOCATION AND ACCESS | |
| Uniform Resource Identifier | <a href="https://shs.cairn.info/revue-poesie-2025-4-page-73?lang=fr&redirect-ssocas=7080">https://shs.cairn.info/revue-poesie-2025-4-page-73?lang=fr&redirect-ssocas=7080</a> |
Pas d'exemplaire disponible.




Réseaux sociaux